00297nam a22000977a 4500008004100000040005500041100001600096245004600112260002700158300001400185240730b |||||||| |||| 00| 0 eng d aNational Science LibrarycNational Science Library aGibello, H  aLe chlorure de vinyle: bEt ses polymeres aParis: bDUNOD, c1959 aix, 389p.